000 00318 a2200145 4500
001 51434
020 _a
040 _cAnchieta - Pituba
100 _aLilian Noguerol
240 1 0 _a1ª Inglês, I unidade
_lpor
245 1 0 _a1ª Inglês, I unidade
300 _a3
650 4 _aInglês e inglês antigo
942 _cBK
999 _c51434
_d51434